Normal view
MARC view
- Supervisor: Dr. Bilal Muhammad Khan
Entry Personal Name
001 - CONTROL NUMBER
- control field: 127319
003 - CONTROL NUMBER IDENTIFIER
- control field: NUST
005 - DATE AND TIME OF LATEST TRANSACTION
- control field: 20250101102820.0
008 - FIXED-LENGTH DATA ELEMENTS
- fixed length control field: 250101|| aca||aabn | a|a d
040 ## - CATALOGING SOURCE
- Original cataloging agency: NUST
- Transcribing agency: NUST
100 ## - HEADING--PERSONAL NAME
- Personal name: Supervisor: Dr. Bilal Muhammad Khan
670 ## - SOURCE DATA FOUND
- Source citation: Work cat.: (NUST)535407: Wakee u ddin 29954, FUZZY-TOPSIS BASED CLUSTER HEAD SELECTION IN WIRELESS SENSOR NETWORKS WITH MOBILE SINK/, 2016.
